000 02300nam0a2200397 4500
001 RU\NLR\BIBL_A\012705055
005 20220428145352.0
010 _a978-5-6045897-5-5
_9500
021 _aRU
_bКН-П-21-072873
_9КН-П-21-5786
035 _a(NLR Aleph) 012705055
035 _a(RuMoRGB)010846576
090 _a12891365
_c12891365
100 _a20220211d2021 u y0rusy50 ca
101 0 _arus
102 _aRU
105 _ay z 000zy
181 0 _ai
_baxxe
182 0 _an
200 1 _aПравоведение: основы антикоррупционной культуры
_eучебное пособие
_fМинистерство образования, науки и молодежи Республики Крым, Государственное бюджетное образовательное учреждение высшего образования Республики Крым "Крымский инженерно-педагогический университет имени Февзи Якубова"
_gсоставители: Абдулхаиров Абжемиль Закерьянович, Бекиров Надир Валерьянович
203 _aТекст
_bвизуальный
_cнепосредственный
210 _aСимферополь
_cИП Хотеева Л. В.
_d2021
215 _a135 с.
_d21
300 _aНа обл. авт.: А. З. Абдулхаиров, Н. В. Бекиров
320 _aБиблиогр.: с. 106-111
606 1 _aКоррупция
_xБорьба с ней
_yРоссийская Федерация
_92174431
_3RU\NLR\AUTH\661307822
606 1 _aПравосознание
_xВоспитание
_yРоссийская Федерация
_92097907
_3RU\NLR\AUTH\661269161
610 0 _aантикоррупционная культура
686 1 _aХ628.322.17
686 1 _aХ062.003
702 1 _aАбдулхаиров
_bА. З.
_gАбжемиль Закерьянович
_4220
712 0 2 _4570
_aКрымский инженерно-педагогический университет им. Ф. Якубова
_cСимферополь
_9703387
_3RU\NLR\AUTH\880521272
942 _cBOOK
980 _aNB